[Event "Muensterland Verbandsklasse-A 0203"]
[Site "Muensterland"]
[Date "2003.04.05"]
[Round "8.4"]
[White "Sauer, Bernd"]
[Black "Mense, Jens Uwe"]
[Result "1/2-1/2"]
[WhiteElo "1943"]
[BlackElo "1871"]
[PlyCount "109"]
[EventDate "2002.09.28"]
[EventType "team"]
[EventRounds "9"]
[EventCountry "GER"]
[SourceTitle "EXT 2004"]
[Source "ChessBase"]
[SourceDate "2003.11.25"]
[SourceVersion "1"]
[SourceVersionDate "2003.11.25"]
[SourceQuality "1"]
[WhiteTeam "Muenster SK III"]
[BlackTeam "Nordwalde"]
[WhiteTeamCountry "GER"]
[BlackTeamCountry "GER"]

1. d4 f5 2. e4 fxe4 3. Nc3 Nf6 4. Bg5 Nc6 5. d5 Ne5 6. Qd4 Nf7 7. Bxf6 exf6 8. Nxe4 c6 9. Qe3 Qa5+ 10. Nc3+ Kd8 11. 0-0-0 Bb4 12. Nge2 Re8 13. Qg3 g6 14. dxc6 bxc6 15. Nd4 Bb7 16. Bc4 Qg5+ 17. Qxg5 Nxg5 18. h4 Bxc3 19. hxg5 Bxd4 20. Rxd4 c5 21. Rdd1 fxg5 22. Rxh7 Bc6 23. Bd5 Kc7 24. Bxc6 Kxc6 25. Rhxd7 Re6 26. Rf7 a6 27. c4 Rae8 28. Rd2 Rh8 29. Rf3 Rh4 30. b3 Rg4 31. g3 Rge4 32. Rf8 R4e5 33. Kc2 Rf5 34. Ra8 Kb7 35. Rad8 Kc6 36. R8d5 Ref6 37. Rxf5 gxf5 38. Rd5 Rf7 39. Kd3 Rf8 40. f3 a5 41. a4 Rf7 42. Ke2 Rf8 43. g4 fxg4 44. fxg4 Rb8 45. Rd3 Rf8 46. Rd5 Rb8 47. Rxg5 Rxb3 48. Rg8 Rc3 49. g5 Rxc4 50. g6 Rg4 51. g7 Kb7 52. Kd3 Ka7 53. Rc8 Rxg7 54. Rxc5 Ka6 55. Rc6+ 1/2-1/2